Herramientas para implementar un sistema de gestión de calidad : (Registro nro. 25107)

Detalles MARC
000 -LEADER
fixed length control field 01017nam a2200229 a 4500
005 - DATE AND TIME OF LATEST TRANSACTION
control field 20250331185258.0
008 - FIXED-LENGTH DATA ELEMENTS--GENERAL INFORMATION
fixed length control field 100518s2009 ck a fr 000 0 spa d
020 ## - INTERNATIONAL STANDARD BOOK NUMBER
International Standard Book Number 9789589907207
040 ## - CATALOGING SOURCE
Original cataloging agency CO-CtgCURN
Language of cataloging spa
Transcribing agency coctgcurn
082 04 - DEWEY DECIMAL CLASSIFICATION NUMBER
Classification number 658.562
Item number H564h
Edition information 21
245 00 - TITLE STATEMENT
Title Herramientas para implementar un sistema de gestión de calidad :
Remainder of title basado en la familia de normas ISO : dirigido a empresarios comprometidos con la competitividad y la generación de valor /
Statement of responsibility, etc. ed. Pedro Pablo Poveda Orjuela y Germán Cañón Zabala.
250 ## - EDITION STATEMENT
Edition statement Tercera edición.
260 ## - PUBLICATION, DISTRIBUTION, ETC.
Place of publication, distribution, etc. Bogotá :
Name of publisher, distributor, etc. Icontec,
Date of publication, distribution, etc. 2009.
300 ## - PHYSICAL DESCRIPTION
Accompanying material INCLUYE 1 CD-ROM.
650 17 - SUBJECT ADDED ENTRY--TOPICAL TERM
Topical term or geographic name entry element Administración de la calidad
Form subdivision Normas técnicas.
Source of heading or term LEMB
650 17 - SUBJECT ADDED ENTRY--TOPICAL TERM
Topical term or geographic name entry element Aseguramiento de la calidad
Form subdivision Normas técnicas.
Source of heading or term LEMB
650 17 - SUBJECT ADDED ENTRY--TOPICAL TERM
Topical term or geographic name entry element Normas técnicas.
Source of heading or term LEMB
700 1# - ADDED ENTRY--PERSONAL NAME
Personal name Poveda Orjuela, Pedro Pablo.
700 1# - ADDED ENTRY--PERSONAL NAME
Personal name Cañón Zabala, Germán.
942 ## - ADDED ENTRY ELEMENTS (KOHA)
Institution code [OBSOLETE] MHC
-- MHC
Koha item type Libros
Classification part 658.562
Item part H564h
Source of classification or shelving scheme Dewey Decimal Classification
Existencias
Withdrawn status Lost status Source of classification or shelving scheme Damaged status Not for loan Collection Home library Current library Shelving location Date acquired Inventory number Total checkouts Full call number Barcode Date last seen Price effective from Koha item type Public note
    Dewey Decimal Classification     General Miguel Henríquez Castañeda Miguel Henríquez Castañeda General 03/31/2025 024068   658.562 H564h 024068 03/31/2025 03/31/2025 Libros 650-ADMINS